<?xml version="1.0" encoding="UTF-8"?>
<record
    xmlns:xsi="http://www.w3.org/2001/XMLSchema-instance"
    xsi:schemaLocation="http://www.loc.gov/MARC21/slim http://www.loc.gov/standards/marcxml/schema/MARC21slim.xsd"
    xmlns="http://www.loc.gov/MARC21/slim">

  <leader>01217nam a2200217 a 4500</leader>
  <controlfield tag="005">20170811020002.0</controlfield>
  <controlfield tag="008">140124b2005    ck ||||| |||| 00| 0 spa d</controlfield>
  <datafield tag="040" ind1=" " ind2=" ">
    <subfield code="c">CO-BoIH</subfield>
  </datafield>
  <datafield tag="041" ind1=" " ind2=" ">
    <subfield code="a">spa</subfield>
  </datafield>
  <datafield tag="090" ind1=" " ind2=" ">
    <subfield code="a">IAVH</subfield>
    <subfield code="b">00479</subfield>
  </datafield>
  <datafield tag="100" ind1=" " ind2=" ">
    <subfield code="a">Cabrera Pantoja, Marian</subfield>
    <subfield code="9">5080</subfield>
  </datafield>
  <datafield tag="245" ind1=" " ind2=" ">
    <subfield code="a">Din&#xE1;mica del bosque andino-parcela permanente de 25 ha La Planada</subfield>
  </datafield>
  <datafield tag="260" ind1=" " ind2=" ">
    <subfield code="a">Bogot&#xE1;</subfield>
    <subfield code="b">Instituto Alexander von Humboldt</subfield>
    <subfield code="c">2005</subfield>
  </datafield>
  <datafield tag="300" ind1=" " ind2=" ">
    <subfield code="a">19 p.</subfield>
  </datafield>
  <datafield tag="520" ind1=" " ind2=" ">
    <subfield code="a">Se describen las actividades realizadas con el fn de finalizar y complementar los registros fotogr&#xE1;ficos de las especies de plantas de la parcela permanente La Planada. Las especies se localizaron en el campo con ayuda de la base de datos And&#xED;gena y los mapas de localizaci&#xF3;n existentes en la oficina del proyecto en La Planada.El informe presenta la fase de campo, la determinaci&#xF3;n taxon&#xF3;mica de las especies, un anexo con el listado de especies recolectadas e informaci&#xF3;n sobre el archivo fotogr&#xE1;fico en 17 discos compactos. Se logr&#xF3; completar el registro fotogr&#xE1;fico de 98</subfield>
  </datafield>
  <datafield tag="650" ind1=" " ind2=" ">
    <subfield code="a">Din&#xE1;mica del bosque andino</subfield>
    <subfield code="9">5081</subfield>
  </datafield>
  <datafield tag="650" ind1=" " ind2=" ">
    <subfield code="a">Registro fotogr&#xE1;fico </subfield>
    <subfield code="9">5082</subfield>
  </datafield>
  <datafield tag="650" ind1=" " ind2=" ">
    <subfield code="a">Especies de plantas</subfield>
    <subfield code="9">4994</subfield>
  </datafield>
  <datafield tag="942" ind1=" " ind2=" ">
    <subfield code="c">INFORME</subfield>
    <subfield code="2">z</subfield>
    <subfield code="0">1</subfield>
  </datafield>
  <datafield tag="945" ind1=" " ind2=" ">
    <subfield code="d">2005-12-05</subfield>
  </datafield>
  <datafield tag="999" ind1=" " ind2=" ">
    <subfield code="c">4938</subfield>
    <subfield code="d">4938</subfield>
  </datafield>
  <datafield tag="952" ind1=" " ind2=" ">
    <subfield code="0">0</subfield>
    <subfield code="1">0</subfield>
    <subfield code="2">z</subfield>
    <subfield code="4">0</subfield>
    <subfield code="7">0</subfield>
    <subfield code="8">HUMBOLDT</subfield>
    <subfield code="I">INV2017</subfield>
    <subfield code="a">Bogota</subfield>
    <subfield code="b">Bogota</subfield>
    <subfield code="d">2005-12-05</subfield>
    <subfield code="e">CID Humboldt</subfield>
    <subfield code="l">1</subfield>
    <subfield code="o">IAVH-00479</subfield>
    <subfield code="p">022450</subfield>
    <subfield code="r">2024-08-09 00:00:00</subfield>
    <subfield code="s">2017-08-10</subfield>
    <subfield code="t">Ej. 1</subfield>
    <subfield code="w">2012-12-04</subfield>
    <subfield code="x">Dep&#xF3;sito Institucional</subfield>
    <subfield code="y">INFORME</subfield>
  </datafield>
</record>
